Normal view
MARC view
Entry Personal Name
001 - CONTROL NUMBER
- control field: 56988
003 - CONTROL NUMBER IDENTIFIER
- control field: dpl
005 - DATE AND TIME OF LATEST TRANSACTION
- control field: 20230919160426.0
008 - FIXED-LENGTH DATA ELEMENTS
- fixed length control field: 230919|| aca||aabn | a|a d
040 ## - CATALOGING SOURCE
- Original cataloging agency: dpl
- Transcribing agency: dpl
100 ## - HEADING--PERSONAL NAME
- Personal name: Yadav, Y. Chandrasekhar
670 ## - SOURCE DATA FOUND
- Source citation: Work cat.: (dpl)198391: Sreekant, D. V. 56987, Kinematics of Machinery/, 2022
